High-yield biostatistics, epidemiology, and public health / (Record no. 20)

000 -LEADER
fixed length control field 01153cam a22003738i 4500
001 - CONTROL NUMBER
control field 819275471
003 - CONTROL NUMBER IDENTIFIER
control field OCoLC
005 - DATE AND TIME OF LATEST TRANSACTION
control field 20210408061552.0
008 - FIXED-LENGTH DATA ELEMENTS--GENERAL INFORMATION
fixed length control field 121115s2014 pau b 001 0 eng
010 ## - LIBRARY OF CONGRESS CONTROL NUMBER
LC control number 2012039198
020 ## - INTERNATIONAL STANDARD BOOK NUMBER
International Standard Book Number 9781451130171
020 ## - INTERNATIONAL STANDARD BOOK NUMBER
International Standard Book Number 1451130171
035 ## - SYSTEM CONTROL NUMBER
System control number (OCoLC)819275471
Canceled/invalid control number (OCoLC)753324143
040 ## - CATALOGING SOURCE
Original cataloging agency DLC
Language of cataloging eng
Description conventions rda
Transcribing agency DLC
Modifying agency OCLCO
-- YDXCP
042 ## - AUTHENTICATION CODE
Authentication code pcc
049 ## - LOCAL HOLDINGS (OCLC)
Holding library YYEA
080 ## - UNIVERSAL DECIMAL CLASSIFICATION NUMBER
Universal Decimal Classification number 57
Item number G-51
096 ## - LOCALLY ASSIGNED NLM-TYPE CALL NUMBER (OCLC)
Classification number WA 950 G548h 2014
100 1# - MAIN ENTRY--PERSONAL NAME
Personal name Glaser, Anthony N.
240 10 - UNIFORM TITLE
Uniform title High-yield biostatistics.
245 10 - TITLE STATEMENT
Title High-yield biostatistics, epidemiology, and public health /
Statement of responsibility, etc. Anthony N. Glaser.
250 ## - EDITION STATEMENT
Edition statement 4th ed.
260 ## - PUBLICATION, DISTRIBUTION, ETC.
Place of publication, distribution, etc. Philadelphia :
Name of publisher, distributor, etc. Lippincott Williams & Wilkins,
Date of publication, distribution, etc. c2014.
300 ## - PHYSICAL DESCRIPTION
Extent 110 p.
365 ## - TRADE PRICE
Price amount 10.16 usd
500 ## - GENERAL NOTE
General note Earlier title: High-yield biostatistics.
504 ## - BIBLIOGRAPHY, ETC. NOTE
Bibliography, etc. note Includes bibliographical references and index.
590 ## - LOCAL NOTE (RLIN)
Local note c.1 1006526x Ritt 3/20/13 $32.95.
650 #2 - SUBJECT ADDED ENTRY--TOPICAL TERM
Topical term or geographic name entry element Biometry
Form subdivision Examination Questions.
650 #2 - SUBJECT ADDED ENTRY--TOPICAL TERM
Topical term or geographic name entry element Biometry
Form subdivision Outlines.
653 ## - INDEX TERM--UNCONTROLLED
Uncontrolled term ბიოლოგია
653 ## - INDEX TERM--UNCONTROLLED
Uncontrolled term ბიოსტატისტიკა
942 ## - ADDED ENTRY ELEMENTS (KOHA)
Source of classification or shelving scheme
Koha item type Books
Edition 4
Holdings
Withdrawn status Lost status Source of classification or shelving scheme Damaged status Not for loan Permanent location Current location Date acquired Inventory number Full call number Barcode Date last seen Price effective from Koha item type Total Checkouts
          Ken Walker International University Ken Walker International University 11/05/2020 16 57 G-51 16 11/05/2020 11/05/2020 Books  
          Ken Walker International University Ken Walker International University 11/06/2020 78 57 G-51 78 11/06/2020 11/06/2020 Books  
          Ken Walker International University Ken Walker International University 11/18/2020 1156 57 G-51 1156 04/03/2025 11/18/2020 Books  
          Ken Walker International University Ken Walker International University 11/18/2020 1155 57 G-51 1155 11/18/2020 11/18/2020 Books  

Powered by Koha